000 00160nam a22000857a 4500
082 _a823
100 _aGARY PAULSON
245 _aTHE VOYAGE OF THE FROG
942 _cBK
999 _c8294
_d8294